000 00451nam a2200181 a 4500
001 3090
003 CO-ViMGA
008 141112s2004 ck r 000 u spa d
040 _aCO-ViMGA
_bspa
_cCO-ViMGA
082 0 4 _a796.15 C871
100 1 _aCusa Ramos, Juan de
245 1 0 _aCómo hacer cometas
260 _aBarcelona :
_bCeac,
_c1987
300 _a47 p : il
490 _aCómo hacerlo, 43
650 1 4 _aCOMETAS - ELABORACION
942 _2ddc
_cBK
999 _c15145
_d15145